000 00645nam a2200241Ia 4500
005 20260430150621.0
008 008 250103s9999 xx 000 0 eng d
037 _aTheses
040 _aCRL
040 _beng
040 _ceng
041 _2eng
041 _aeng
084 _qCRL
100 _aRenu Au.; Chopra Geeta Gu.
_91238013
245 0 _aAwareness of Child Rights: A Study on Students Pursuing B. Ed. Programme in Delhi
260 _c2024
300 _a233p.
650 _aHome Science
700 _aUniversity of Delhi. Faculty of Science. Deptt.of Home Science
_91237716
942 _cTH
999 _c1850220
_d1850220